Market prospects of fast-growing timber plantation species in Peninsular Malaysia

Bibliographic Details
Main Author: NORINI Haron
Corporate Authors: Japan International Cooperation Agency (JICA), Malaysia, Perak
Other Authors: Lim, Woon
Format: Book
Published: Kuala Lumpur : Forestry Department Peninsular Malaysia , 2002
Subjects:

MARC

LEADER 00000cam a2200000 7i4500
001 0000002545
005 20040225.0
090 0 0 |a JPSM382.4149095951   |b NOR 2002 
100 0 0 |a NORINI Haron 
245 1 0 |a Market prospects of fast-growing timber plantation species in Peninsular Malaysia   |c NorininHaron, Lim Hin Fui, Woon Weng Chuen 
260 0 0 |a Kuala Lumpur :   |b Forestry Department Peninsular Malaysia ,   |c 2002 
300 |a xiv, 128 p. :   |b col. ill. ;   |c 30 cm. 
500 0 0 |a Bibliography : p. 102-104 
650 0 0 |a Timber   |x Marketing   |z Peninsular Malaysia 
700 0 1 |a Lim   |h Hin Fui 
700 0 1 |a Woon   |h Weng Chuen 
710 1 1 |a Japan International Cooperation Agency (JICA) 
710 1 1 |a Malaysia ,   |c Forestry Department Peninsular Malaysia 
710 1 1 |a Perak ,   |c Forest Department 
998 |a JPSM 
999 |a 0000004923   |b Monograph   |c Open Shelf   |e Default branch 
999 |a 0000004924   |b Monograph   |c Open Shelf   |e Default branch 
999 |a 0000004925   |b Monograph   |c Open Shelf   |e Default branch 
999 |a 0000004926   |b Monograph   |c Open Shelf   |e Default branch 
999 |a 0000004927   |b Monograph   |c Open Shelf   |e Default branch